| 000 | 00389nam a22001577a 4500 | ||
|---|---|---|---|
| 005 | 20160903125535.0 | ||
| 008 | 160903b xxu||||| |||| 00| 0 eng d | ||
| 020 | _a81-8321-001-5 | ||
| 041 | _aeng | ||
| 082 | _b20920 | ||
| 100 |
_aCHAKARAVATI, B.P. _93462 |
||
| 245 | _aMETHODS OF BACTERIAL PLANT PATHOLOGY | ||
| 260 |
_bAGROTECH PUBLISHING ACADEMY _c2005 |
||
| 300 | _a203 | ||
| 942 | _cBK | ||
| 999 |
_c5167 _d5165 |
||